Energy efficiency and the private rented sector (Record no. 114865)

MARC details
000 -LEADER
fixed length control field 01039cad a22002055a 4500
001 - CONTROL NUMBER
control field L157603
008 - FIXED-LENGTH DATA ELEMENTS--GENERAL INFORMATION
fixed length control field 130130s2013 xxk f 000 0 eng d
035 ## - SYSTEM CONTROL NUMBER
System control number (Sirsi) u157603
041 0# - LANGUAGE CODE
Language code of text/sound track or separate title eng
110 2# - MAIN ENTRY--CORPORATE NAME
Corporate name or jurisdiction name as entry element British Property Federation
9 (RLIN) 1604
245 00 - TITLE STATEMENT
Title Energy efficiency and the private rented sector
Medium [electronic resource]
260 ## - PUBLICATION, DISTRIBUTION, ETC.
Place of publication, distribution, etc. London
Name of publisher, distributor, etc. BPF
Date of publication, distribution, etc. 2013
520 ## - SUMMARY, ETC.
Summary, etc. Offers advice for private rented sector landlords planning to improve the energy efficiency of their property portfolios. Explains the background and reasons for improving the energy efficiency of the UK housing stock, looks at Energy Performance Certfficates (EPC)s ratings and ranging of funding options for funding improvements.
590 ## - LOCAL NOTE (RLIN)
Local note KA
651 #4 - SUBJECT ADDED ENTRY--GEOGRAPHIC NAME
Geographic name United Kingdom
Chronological subdivision
690 ## - LOCAL SUBJECT ADDED ENTRY--TOPICAL TERM (OCLC, RLIN)
Topical term or geographic name as entry element Residential property
9 (RLIN) 6266
690 ## - LOCAL SUBJECT ADDED ENTRY--TOPICAL TERM (OCLC, RLIN)
Topical term or geographic name as entry element Sustainability
9 (RLIN) 6271
856 40 - ELECTRONIC LOCATION AND ACCESS
Uniform Resource Identifier <a href="https://www.bpf.org.uk/en/files/event_related_documents/Energy_Efficiency_and_the_Private_Rented_Sector.pdf">https://www.bpf.org.uk/en/files/event_related_documents/Energy_Efficiency_and_the_Private_Rented_Sector.pdf</a>
Public note View the item free of charge from the www.bpf.org.uk website.
942 ## - ADDED ENTRY ELEMENTS (KOHA)
Suppress in OPAC 0
Holdings
Withdrawn status Lost status Source of classification or shelving scheme Damaged status Not for loan Home library Current library Shelving location Date acquired Total Checkouts Full call number Barcode Date last seen Copy number Price effective from Koha item type
    Dewey Decimal Classification     Virtual Virtual Online 30/01/2013   ONLINE PUBLICATION 157603-2001 06/08/2019 1 06/08/2019 Book